000 00550nam a2200229Ia 4500
003 OSt
005 20220924152143.0
006 a|||||r|||| 00| 0
007 ta
008 220923b |||||||| |||| 00| 0 ara d
024 _a341216
037 _cTextual
040 _aARTS
_cARTS
_bara
041 _2ara
_aara
082 _aO28,6x, M4
245 0 _aalat-jama al-watani al-taqdami al-wahdi
260 _c1984
300 _a88p.
_ccm.
650 _aARABIC PROSE
942 _hO28,6x, M4
_cTEXL
_2CC
999 _c468925
_d468925